| 000 | 00511nam a2200205Ia 4500 | ||
|---|---|---|---|
| 003 | OSt | ||
| 005 | 20240912150110.0 | ||
| 008 | 240126s9999 xx 000 0 und d | ||
| 020 | _a9788180388446 | ||
| 040 | _c0 | ||
| 041 | _aEnglish | ||
| 082 | _a346.03 SIN;1 R | ||
| 100 | _aSingh, Avtar. Kaur, Harpreet. | ||
| 245 | 0 | _aIntroduction to the law of torts and consumer protection | |
| 250 | _a3rd ed. | ||
| 260 |
_bLexis Nexis _aHaryana |
||
| 300 | _axlvi, 363 | ||
| 440 | _aNULL | ||
| 942 |
_cLL _2ddc |
||
| 999 |
_c280751 _d280751 |
||